MDQL
is popping MORE tags! Check the
thread
!
Quizzes
Events
Quiz Creation
Community
Videos
Private Events
Remove Ads
Sign In
Join for FREE
Feedback
Dark Mode
Quiz Categories
Sports
Geography
Music
Movies
Television
Just For Fun
Miscellaneous
History
Literature
Language
Science
Gaming
Entertainment
Religion
Holiday
For Kids
Quiz Lab
Recent
Popular Today
Quiz Kudos Today
Editor Picks
Curator Picks
Quizzes by...
Day
Popularity
Type
Ratings
Length
Year
Community
Subscriptions
Recent Discussions
Orange Saloon
Badges
Playlists
Quests
Create
Leaderboards
Showdown
Live 5
Trivia Bingo
Activity
Puzzle Library
Sporcle Events
Private Events
Virtual Trivia
Globe League
Become a Host
Pub Owners
SporcleCon
Opinionation
Our Games
Videos
Blog
Mobile Apps
Partnerships
Remove Ads and Go Orange
Feedback
Entertainment
Celebrity
Famous
Musical
Broadway
Show
Quote
Comic Books
Anime
Superhero
DC Comics
Marvel
Cartoons
Animation
Entertainment
Celebrity
Famous
Musical
Broadway
Show
Quote
Comic Books
Anime
Superhero
DC Comics
Marvel
Cartoons
Animation
Random Quiz
Search Sporcle
×
Curator Pick
Curator Pick
Entertainment
Superhero
Type answers that appear on an image
Type answers that appear on an image
Map
Best Score? Go Orange.
DC Picture Find: Superheroes Stats
Can you find the superheroes of the DC universe?
By
ddd62291
20m
241 Questions
50.7K Plays
50,697 Plays
50,697 Plays
Comments
Comments
Give Quiz Kudos
Give Quiz Kudos
-
- Ratings
hide this ad
Replay
Link that replays current quiz
Next Quiz
Link to next quiz in quiz playlist
You Got
0%
They Got
Avg Score
50%
Avg Friend Score
Upgrade to see
Score Distribution
Jump to the score distribution portion of the page
Score
0/241
Timer
20:00
2
Plays Today
% Correct
Nightwing
96.7%
Azrael
96.3%
Ganthet
96.1%
Batman II
96.1%
Batman
96%
Kilowog
96%
Tomar Re
95.9%
Jade
95.9%
Simon Baz
95.9%
Guy Gardner
95.8%
Alan Scott
95.8%
Abin Sur
95.8%
John Stewart
95.8%
Katma Tui
95.8%
White Lantern
95.8%
Green Lantern
95.7%
Superman
95.2%
Jesse Quick
95%
Spoiler
95%
Kid Flash
94.9%
Lady Flash
94.8%
Flash
94.7%
Hawk
94.5%
Red Hood
94.2%
Red Robin
93.9%
Nightrunner
93.9%
Robin
93.7%
Mary Marvel
92.6%
Hoppy
92.6%
Pedro
92.6%
Eugene
92.5%
Darla
92.5%
Marvel Jr.
92.5%
Shazam
92.4%
Donna Troy
91.8%
Hawkgirl
91.8%
Hawkman
91.7%
Wonder Woman
91.2%
Aquaman
90.2%
Captain Atom
89.5%
J'onn
89.4%
Black Bat
89.3%
Flamebird
89.2%
Batgirl
88.9%
Atom
88.7%
Batwoman
88.1%
Tawky Tawny
88%
Green Arrow
87.7%
Cyborg
87.2%
Superboy
87%
Supergirl
86.9%
Wizard
86.8%
Blue Beetle
85.9%
Krypto
85.6%
Starfire
85.5%
Catwoman
85.2%
Beast Boy
84.7%
Dr. Fate
84.2%
Fire
83.4%
Zatanna
83.1%
Lobo
82.6%
Raven
82%
Black Canary
80.9%
Red Tornado
80.1%
Swamp Thing
78.8%
Firestorm
78.6%
Plastic Man
78.3%
Booster Gold
78.1%
John
78.1%
Stargirl
77%
Black Lightning
76.1%
Mera
75.4%
Katana
74.6%
Power Girl
74.6%
Dr. Manhattan
74.4%
Red Arrow
74.3%
Deadman
73.4%
Ace
73.1%
Question
73%
Static
72.8%
Citizen Steel
72.1%
% Correct
Blue Lantern
71.4%
Steel
71.4%
Atom Smasher
70.9%
Spectre
70.7%
Detective Chimp
69.4%
Elongated Man
69.1%
Vixen
69%
Huntress
68.9%
Dove
68.2%
Etrigan
68.2%
Tempest
68%
Ravager
67.8%
Uncle Sam
67.6%
Speedy
67.3%
Miss Martian
66.9%
Mr. Terrific
66.5%
Batwing
66.5%
Aqualad
65.8%
Wildcat
65.6%
Metamorpho
64.8%
Dr. Light
64.4%
Ice
64.1%
Rorschach
62%
Orion
61.1%
Jonah Hex
60.9%
Zan
60.3%
Robot Man
60.2%
Brainiac 5
59.7%
Big Barda
59.1%
Mr. Miracle
59.1%
Jayna
58.6%
Impulse
58.4%
Creeper
57.8%
Dr. Midnite
57.5%
Gold
56.7%
Hourman
56.3%
Sgt. Rock
54.8%
Shadow
54.6%
Vibe
54.6%
Lead
54.5%
Star Boy
54.4%
Mas
54.4%
Menos
54.4%
Frankenstein
54.2%
Owlman
52.6%
Terra
52.3%
Adam
52%
Guardian
51.9%
Herald
51.9%
Blue Devil
51.7%
Gleek
51.7%
Kid
51.7%
Sandman
51.6%
Phantom Stranger
51.5%
Negative Man
51.5%
Starman
51.4%
Yz
50.9%
Johnny Thunder
50.7%
Iron
49.5%
Nite Owl
49.4%
The Ray
48.6%
S.T.R.I.P.E.
48.2%
Elastigirl
47.1%
Platinum
46.7%
Animal Man
46.2%
Apache Chief
46.1%
Captain Carrot
45.5%
Grifter
45.2%
Tin
45%
Obsidian
44.9%
Ambush Bug
44.9%
Mercury
44.9%
Ragman
44.9%
Vigilante
44.7%
Bumblebee
43.2%
Saturn Girl
42.9%
Space Ghost
42.9%
Silk Spectre
42.7%
Crimson Avenger
42.6%
Shining Knight
42.4%
B'Wana Beast
42.4%
% Correct
Geo-Force
42.2%
Mon-El
42%
Icon
42%
Warhawk
41.8%
Lightning Lad
41.7%
Highfather
40.7%
Monitor
40.3%
Signal
40.2%
Bouncing Boy
39.6%
XS
38.9%
Aztek
38.7%
Solovar
38.5%
Tasmanian Devil
38.4%
Fox
38.3%
Indigo 1
38.2%
Wonder Dog
38%
Knight
37.9%
Rocket Red
36.3%
Phantom Girl
36%
Gypsy
35.7%
Amethyst
35.4%
Misfit
35.2%
Blue Jay
35.1%
Black Orchid
35%
Dolphin
34.9%
Bulleteer
34.7%
Congorilla
34.5%
Amazing Man
33.9%
Chameleon
33.4%
Cosmic Boy
33.2%
Dr. Mist
33.1%
Black Vulcan
32.4%
Halo
31.9%
Lightray
31.6%
Damage
31.5%
Element Girl
31.1%
Rip
31%
Bloodwynd
30.9%
Zauriel
30.5%
Lightning Lass
30.3%
Xanadu
29.9%
Judomaster
29.6%
Waverider
29.6%
Samurai
29.4%
Harbinger
29.1%
Pantha
27.3%
Warlord
26.3%
Soldier
26.3%
Mento
26.2%
Godiva
26.1%
Tarantula
25.8%
Olympian
25.5%
Looker
25.5%
Shade
25.2%
Hot Spot
25%
Nightshade
24.9%
Timber Wolf
24.6%
Ferro Lad
23.7%
Karate Kid
23.4%
Argent
23.4%
Bunker
23.3%
Black Condor
23.1%
Colossal Boy
23%
Shadow Lass
21.9%
I, Vampire
21.9%
Pariah
21.8%
Fury
21.5%
Firehawk
21.3%
Glory
21.3%
Dawnstar
20.6%
Sun Boy
20.5%
Wildfire
20.3%
Orpheus
20.2%
Solstice
20.1%
Northwind
20%
Wylde
18.7%
Jack-O-Lantern
16.3%
Nightmaster
16%
Wolfpack
15.5%
Quiz Playlist
Details
Report
Send in Message
Add To Playlist
Map:
Type answers that appear on an image
Quiz Source
Last Updated: Jun 15, 2020
Curator Pick in
Superhero
Quiz Scoreboard
CHALLENGE
Sign Up to Join the Scoreboard
Show All
Scores
Hide
Comments
May contain spoilers
Recently Published
Holiday 10x10 Sorting Gallery
by lukepisani3
Holiday
15m
Two Season TV Shows II
by 123Four
Television
10m
Image Sorting: Flags VI
by Barbecue
Geography
2m
More to Explore
Quiz From the Vault
Featured Blog Post
14 Easter Pick-up Lines to Find Eggs With
hide this ad
You Might Also Like...
Tags
Comic Books Quiz
DC Comics Quiz
Superhero Quiz
Batman
Comic Character
DC Characters
Green Lantern
Image Quiz
Justice League
Superman
Teen Titans
The Flash
Today's Top Quizzes in Entertainment
Browse Entertainment
hide this ad
Today's Top Quizzes in Superhero
Browse Superhero
Top Contributed Quizzes in Entertainment
1
Marvel Classic Character Map
2
Movie-Themed Roller Coasters
3
Dragon Ball Z: Goku's Fights in Order
4
Marvel Characters Bunker
5
Sorting Pictures: Villains
6
Who stole Onew's chicken? (KPOP LOGIC QUIZ)
7
Haikyuu Logic Quiz
8
Celebrity Spelling Bee
9
JoJo's Bizarre Logic Quiz
10
Image Sorting: Anime
Explore More
Trending Topics
Disney
Kpop
Harry Potter
Crossword
Anime
Marvel
NBA
WWE
The Office
Puzzle
Pokémon
Song
Country
NFL
Soccer
hide this ad
More By:
ddd62291
Quiz
Plays
Rating
Category
Featured
Created
5-Star Movie Villains
259,519
4.65
Movies
Apr 9, 2014
Movie Titles Said in Movie
216,466
4.67
Movies
Sep 23, 2012
Click the 'C' Movie Title Character
176,993
4.59
Movies
Feb 5, 2020
Click the 'F' Movie Title Character
155,397
4.66
Movies
Feb 9, 2020
Movie Titles Said in Movie II
150,713
4.46
Movies
Oct 24, 2012
Go to Creator's Profile
Score Distribution
Quiz Creator Spotlight
ddd62291
Follow
Send a Message
Quizzes Created
-
Created Quiz Play Count
-
More By This Creator
Popular Quizzes Today
1
Find the US States - No Outlines Minefield
2
Colored Red Africa Blitz
3
Find the 'City' Movie
4
The Countries of the World
5
5x2 Blitz: Bands
6
Find the US States
7
Find the Countries of Europe - No Outlines Minefield
8
US States
More Entertainment Quizzes
2022 Tonys Winning Plays
Curator's Pick
Trending Quizzes
Colored Red Europe Blitz I
Colored Red Europe Blitz II
Colored Red Africa Blitz II
Colored Red Europe Blitz III
Colored Red Africa Blitz III
Recently Updated
Odd Team Out - Big 4 Players
pecheneg
Quick Pick: 20 Twenties
pecheneg
March Madness Men's Triple Doubles
pecheneg
How Do You Spell That?
pecheneg
Godzilla Movies
pecheneg
Grab Bag: 4-10 Letters
pecheneg
2024 March Madness Bracket
pecheneg
Famous TV Couples
Peacemaker
Champions League XIs: Real Madrid
pecheneg
Largest US Cities 1790-2010
pecheneg
Trending Topics
NBA
Harry Potter
Kpop
Marvel
Crossword
Disney
Anime
The Office
WWE
Puzzle
Soccer
NFL
Country
Pokémon
Song
Your Account Isn't Verified!
In order to create a playlist on Sporcle, you need to verify the email address you used during registration. Go to your
Sporcle Settings
to finish the process.
Report this User
Report this user for behavior that violates our
Community Guidelines
.
Details:
Send Report
Go to the Sporcle.com Mobile Site →
Comments